Primátor: "Sme vo finále, reštrukturalizácia zastabilizuje situáciu Košíc"

Bibliographic Details
Main Author: Némethová, Renáta (Author)
Format: Article
Language:Slovak
PhysicalDescription:1 obr.
ISSN:1335-4566
Subjects:

MARC

LEADER 00000nab a2200000 a 4500
001 vtls000909822
003 SK-MaSNL
005 20260302173047.0
008 040720e20020627xo 0 slo
035 |a KE18749 
040 |a KEVKJB  |b slo  |c KEVKJB  |e AACR2 
041 0 |a slo 
044 |a xo  |c SK 
080 |a 352.075.1  |2 1981 
100 1 |a Némethová, Renáta  |4 aut  |9 826895 
245 1 0 |a Primátor: "Sme vo finále, reštrukturalizácia zastabilizuje situáciu Košíc" 
300 |b 1 obr. 
650 0 7 |a mestské zastupiteľstvá  |2 KEVKJB  |9 70169 
650 0 7 |a zasadanie  |2 KEVKJB  |9 280253 
650 0 7 |a dlhy mesta  |z Košice (Slovensko)   |2 KEVKJB  |9 877715 
650 0 7 |a informácie  |2 KEVKJB  |9 1285 
651 7 |a Košice (Slovensko)  |2 KEVKJB  |9 18694 
651 7 |a KE,  |2 KEVKJB  |9 877256 
655 7 |a periodikum  |2 snkbucl  |9 29553 
773 0 8 |t Košický denník Korzár  |g Roč. 5, č.148, 27.6.2002, s. 2  |x 1335-4566 
852 |a ZVYKNI  |b KIS3GCP 
999 |c 1400539  |d 1402469